The Bluest Eye. A novel.
Uloženo v:
| Hlavní autor: | |
|---|---|
| Médium: | Neznámo |
| Vydáno: |
New York, USA:
Vintage International,
2007.
|
| Vydání: | First Vintage International edition. |
| Témata: | |
| Tagy: |
Přidat tag
Žádné tagy, Buďte první, kdo vytvoří štítek k tomuto záznamu!
|
MARC
| LEADER | 00000 a2200000 4500 | ||
|---|---|---|---|
| 003 | CL-VaPUC | ||
| 005 | 20230619161807.0 | ||
| 008 | 230103t2007 ||||| |||| 00| 0 eng d | ||
| 999 | |c 439462 |d 439460 | ||
| 020 | |a 978-0307278449 | ||
| 040 | |c Pontificia Universidad Católica de Valparaíso | ||
| 082 | 7 | |a 813 MOR 2007 |2 22 | |
| 100 | |a Morrison, Toni, |9 868864 |d 1931-2019 | ||
| 245 | 1 | 4 | |a The Bluest Eye. |b A novel. |
| 250 | |a First Vintage International edition. | ||
| 260 | |a New York, USA: |b Vintage International, |c 2007. | ||
| 300 | |a 205 páginas. | ||
| 583 | |k GC |c 20230103 | ||
| 650 | 0 | |a Afroamericanos |x Novela estadounidense |v Ficción |9 718656 | |
| 650 | 0 | |a Niñas |x Novela estadounidense |v Ficción |z Ohio (Estados Unidos) |9 879568 | |
| 942 | |2 ddc |c BK | ||
| 952 | |0 0 |1 0 |2 ddc |4 0 |6 813_000000000000000_MOR_2007 |7 0 |8 A |9 588392 |a BIBEDU |b BIBEDU |c GEN |d 2022-12-20 |e 74 |g 15635.00 |i 5656182 |o 813 MOR 2007 |p 5656182 |r 2022-12-20 |t 3 |v 15635.00 |w 2022-12-20 |y BK |k LIT | ||
| 952 | |0 0 |1 0 |2 ddc |4 0 |6 813_000000000000000_MOR_2007 |7 0 |8 A |9 588393 |a BIBEDU |b BIBEDU |c GEN |d 2022-12-20 |e 74 |g 15635.00 |i 5656181 |l 3 |m 2 |o 813 MOR 2007 |p 5656181 |r 2023-10-10 |s 2023-10-02 |t 2 |v 15635.00 |w 2022-12-20 |y BK |k LIT | ||
| 952 | |0 0 |1 0 |2 ddc |4 0 |6 813_000000000000000_MOR_2007 |7 0 |8 A |9 588394 |a BIBEDU |b BIBEDU |c GEN |d 2022-12-20 |e 74 |g 15635.00 |i 5656180 |l 1 |o 813 MOR 2007 |p 5656180 |r 2023-04-26 |s 2023-04-19 |t 1 |v 15635.00 |w 2022-12-20 |y BK |k LIT | ||